Visualizzazione normale
Vista MARC
- De Lillo Claudia
di Personal Name
Records bibliografici associati: 1
001 - CONTROL NUMBER
- control field: 59063
003 - CONTROL NUMBER IDENTIFIER
- control field:
005 - DATE AND TIME OF LATEST TRANSACTION
- control field: 20210930123722.0
008 - FIXED-LENGTH DATA ELEMENTS
- fixed length control field: 210930|| aca||aabn | a|a d
040 ## - CATALOGING SOURCE
- Original cataloging agency:
- Transcribing agency:
100 ## - HEADING--PERSONAL NAME
- Personal name: De Lillo Claudia
670 ## - SOURCE DATA FOUND
- Source citation: Work cat.: (): De Lillo Claudia, Nonsolodue, 2010